000 00438nam a2200157Ia 4500
008 210716s1981 xx 000 0 und d
020 _a0135503272
041 _aeng
082 _a658 MASJ
100 _aMassie, Joseph L.
245 _aManaging: a contemporary introduction.
_bContemporary introduction.
250 _a3
260 _aNew Delhi
_bPrentice Hall of India PVt Ltd.
_c1981
300 _axiv,545
650 _aManagement(658)
999 _c206086
_d206086